000 00383nam a2200145Ia 4500
008 220204s9999 xx 000 0 und d
020 _a139780120008087
082 _a631/635
_bADV.90
100 _aSparks, Donald L
245 0 _aAdvances in agronomy. V. 90. 2006
260 _aAmsterdam
_bElsevier
_c2006
650 _aCrop water management
650 _aSeed priming
942 _cBK
999 _c42569
_d42569